Normal view MARC view
  • Evans, Roger

Entry Personal Name

Number of records used in: 5

001 - CONTROL NUMBER

  • control field: 49386

003 - CONTROL NUMBER IDENTIFIER

  • control field: NUST

005 - DATE AND TIME OF LATEST TRANSACTION

  • control field: 20210314134323.0

008 - FIXED-LENGTH DATA ELEMENTS

  • fixed length control field: 210314|| aca||aabn | a|a d

040 ## - CATALOGING SOURCE

  • Original cataloging agency: NUST
  • Transcribing agency: NUST

100 ## - HEADING--PERSONAL NAME

  • Personal name: Evans, Roger

670 ## - SOURCE DATA FOUND

  • Source citation: Work cat.: (NUST): Evans, Roger,, A brief outline of the campaign in Mesopotamia, 1914-1918,, 1926.
© 2023 Central Library, National University of Sciences and Technology. All Rights Reserved.